000 00923nam a2200265 a 4500
005 20160107050544.0
008 140219b1997 ck d fr|||| 00| 0 spa d
020 _a958601715X
040 _aCO-BoIAVH
_cCO-BoIAVH
041 0 _aspa
044 _ack
082 0 4 _a507.2
_bG56m
100 1 _aGómez B., Hernando
_eCompilador
245 1 _a37 modos de hacer ciencia en América Latina /
_ccompiladores Hernando Gómez B., Hernán Jaramillo S.
260 _aBogotá :
_bTercer Mundo :
_bCOLCIENCIAS,
_c1997.
300 _a405 páginas :
_bCuadros ;
_c23 x 16 cm.
650 6 _aInvestigación científica
650 4 _aCiencia
_zLatinoamérica
650 6 _aInstitutos de Investigación
650 6 _aPolítica científica y educativa
650 6 _aCentros de investigación
662 _cAmérica Latina
700 1 _aJaramillo S., Hernán
_eCompilador
942 _cLIBRO
_2ddc
999 _c172
_d172